[Event "26th Abu Dhabi Master 2019"]
[Site "Abu Dhabi"]
[Date "2019.08.02"]
[Round "1.11"]
[White "Indjic, Aleksandar"]
[Black "Nandhidhaa, P V"]
[Result "1-0"]
[WhiteElo "2604"]
[BlackElo "2259"]
[Annotator "TA"]
[PlyCount "93"]
[EventDate "2019.08.02"]
[EventType "swiss"]
[EventCountry "UAE"]
[SourceTitle "playchess.com"]
[Source "ChessBase"]
[SourceQuality "1"]

{[%evp 20,93,19,22,22,20,31,31,39,26,38,25,27,10,17,10,18,12,48,24,32,34,91,86,78,77,78,78,87,93,85,61,67,63,110,110,129,131,156,156,153,154,153,152,152,143,141,144,155,145,178,172,201,194,206,206,216,216,214,208,208,206,232,235,312,293,313,302,313,310,314,314,310,309,304,302]} 1. c4 Nf6 2. Nc3 e6 3. e3 d5 4. Nf3 c5 5. cxd5 exd5 6. d4 cxd4 7. Nxd4 Nc6 8. Bb5 Bd7 9. O-O Be7 10. b3 O-O 11. Bb2 Rc8 {D32: Tarrasch Defence: Sidelines and lines without g3} 12. Nf3 Be6 13. Bd3 $146 ({Predecessor:} 13. Rc1 Qa5 14. a3 Rfd8 15. b4 Qb6 16. Bd3 a6 17. Na4 {1-0 (43) Grachev,B (2628)-Bogut,Z (2419) Sibenik 2016}) 13... h6 {White is slightly better.} 14. a3 Qd7 15. Ne2 Ne4 16. Ng3 Rfd8 17. Qb1 Nxg3 18. hxg3 d4 19. Bxd4 Nxd4 20. Nxd4 Bf6 (20... Bg4 $14) 21. Bh7+ Kh8 22. Nxe6 Qxe6 23. Bf5 Qb6 24. Bxc8 Bxa1 25. Bg4 Bf6 26. b4 Qb5 27. Rc1 Qe5 28. Rc5 Qb2 29. Qxb2 Bxb2 $16 {[%mdl 4096] Endgame [#] KRB-KRB} 30. a4 $1 Ba3 31. Rc7 Bxb4 32. Rxb7 a5 33. Rxf7 Re8 34. Rc7 Kg8 35. Bh5 Rf8 36. Kf1 Rf5 37. Bg6 Rf6 38. Rc8+ Rf8 39. Rc2 Rf6 40. Bd3 Rd6 41. Ke2 Rd7 42. f4 {White has a decisive advantage.} Kf7 43. e4 Ke7 44. e5 Kd8 45. Rc6 Rc7 46. Rg6 Ke8 47. g4 {Accuracy: White = 77%, Black = 34%.} 1-0

[Event "26th Abu Dhabi Master 2019"]
[Site "Abu Dhabi"]
[Date "2019.08.02"]
[Round "1.12"]
[White "Aronyak Ghosh"]
[Black "Yilmaz, Mustafa"]
[Result "0-1"]
[WhiteElo "2349"]
[BlackElo "2618"]
[Annotator "TA"]
[PlyCount "56"]
[EventDate "2019.08.02"]
[EventType "swiss"]
[EventCountry "UAE"]
[SourceTitle "playchess.com"]
[Source "ChessBase"]
[SourceQuality "1"]

{[%evp 15,56,0,16,-10,7,-38,-46,-67,-77,-63,-68,-70,-48,-73,-55,-43,-41,-81,-83,-106,-110,-109,-95,-92,-87,-109,-110,-109,-93,-91,-112,-294,-277,-318,-318,-508,-516,-535,-533,-527,-522,-483,-443]} 1. Nf3 c5 2. c4 Nf6 3. g3 Nc6 4. Bg2 d5 5. cxd5 Nxd5 6. Nc3 Nc7 7. d3 e5 8. Be3 Be7 9. Rc1 {A34: Symmetrical English: 2 Nc3, lines with ...d5} Bd7 10. Ne4 $146 ({Predecessor:} 10. O-O O-O 11. Nd2 Rc8 12. Nc4 b5 13. Bxc6 Bxc6 14. Nxe5 Ba8 15. Qb3 a6 16. a4 Qe8 17. axb5 axb5 18. Ra1 Kh8 19. Ra7 Bd6 {1-0 (51) Agdestein,S (2595)-Ehlvest,J (2610) Moscow 1994}) 10... b6 11. b4 {Black is slightly better.} cxb4 12. Nxe5 Nxe5 13. Bf4 $1 {[%cal Rf4e5]} O-O {...Nc6 is the strong threat.} 14. Bxe5 Nd5 15. O-O Be6 16. Qa4 a5 17. Rc2 Qe8 $36 {[%mdl 2048] Black is really pushing.} 18. Qxe8 Rfxe8 19. Rfc1 Rac8 20. Nd2 {[#] And now Rxc8 would win.} Nc3 $1 {[%mdl 512]} 21. Bxc3 Rxc3 22. Rxc3 bxc3 23. Nb1 $2 {[#]} (23. Rxc3 $17 {keeps fighting.} Bb4 24. Rc2) 23... b5 $1 $19 {[%cal Bb6b5,Bb5b4][%mdl 32]} ({Weaker is} 23... Bxa2 24. Nxc3 Be6 25. Nd5 $15) 24. d4 {intending d5.} b4 ({Not} 24... Bxa2 25. Nxc3 Bc4 26. e3 $17) 25. d5 (25. Bc6 {was necessary.} Rd8 26. Nxc3) 25... Bd7 {Black is clearly winning.} 26. e3 Bf6 27. Bf1 Bf5 28. Bb5 Rd8 {Accuracy: White = 31%, Black = 88%.} 0-1

[Event "26th Abu Dhabi Master 2019"]
[Site "Abu Dhabi"]
[Date "2019.08.02"]
[Round "1.13"]
[White "Bartel, Mateusz"]
[Black "Kathmale, Sameer"]
[Result "1-0"]
[WhiteElo "2600"]
[BlackElo "2326"]
[Annotator "RC"]
[PlyCount "59"]
[EventDate "2019.08.02"]
[EventType "swiss"]
[EventCountry "UAE"]
[SourceTitle "playchess.com"]
[Source "ChessBase"]
[SourceQuality "1"]
[TimeControl "5400+30"]

1. d4 {[%emt 0:00:00]} Nf6 {[%emt 0:06:05]} 2. c4 {[%emt 0:00:00]} e6 {[%emt 0:00:48]} 3. Nf3 {[%emt 0:00:44]} b6 {[%emt 0:00:20]} 4. Bf4 {[%emt 0:00:08]} Bb7 {[%emt 0:01:00]} 5. e3 {[%emt 0:00:09]} Bb4+ {[%emt 0:05:53]} 6. Nfd2 {[%emt 0:01:09]} O-O {[%emt 0:01:00]} 7. a3 {[%emt 0:01:02]} Bd6 {[%emt 0:13:26]} 8. Bg3 {[%emt 0:03:20]} Nc6 {[%emt 0:05:17]} 9. Nc3 {[%emt 0:01:13]} Bxg3 {[%emt 0:09:08]} 10. hxg3 {[%emt 0:00:05]} d5 {[%emt 0:02:09]} 11. g4 {[%emt 0:24:07]} Ne4 {[%emt 0:07:05]} 12. Qc2 {[%emt 0:08:04]} f5 {[%emt 0:11:00]} 13. gxf5 {[%emt 0:00:22]} Nxd2 {[%emt 0:03:11]} 14. fxe6 {[%emt 0:05:53]} Ne4 {[%emt 0:00:11]} 15. cxd5 {[%emt 0:00:48]} Nf6 {[%emt 0:05:48]} 16. dxc6 {[%emt 0:02:40]} Bxc6 {[%emt 0:00:02]} 17. O-O-O {[%emt 0:02:21]} Qe7 {[%emt 0:04:53]} 18. d5 {[%emt 0:01:20]} Bb7 {[%emt 0:00:10]} 19. g4 {[%emt 0:03:12]} g6 {[%emt 0:00:23]} 20. g5 {[%emt 0:01:16]} Ng4 {[%emt 0:02:03]} 21. Ne4 {[%emt 0:01:16]} Rad8 {[%emt 0:02:20]} 22. Bh3 {[%emt 0:09:14]} Rxf2 {[%emt 0:02:09]} 23. Nxf2 {[%emt 0:00:07]} Nxe3 {[%emt 0:00:12]} 24. Qc3 {[%emt 0:00:19]} Nxd1 {[%emt 0:02:54]} 25. Rxd1 {[%emt 0:00:33]} Bxd5 {[%emt 0:00:14]} 26. Ng4 {[%emt 0:09:02]} Qxg5+ {[%emt 0:00:20]} 27. Qe3 {[%emt 0:02:16]} Qe7 {[%emt 0:02:46]} 28. Qd4 {[%emt 0:00:24]} Qg5+ {[%emt 0:03:56]} 29. Rd2 {[%emt 0:00:17]} Kf8 {[%emt 0:03:52]} 30. Nf6 {[%emt 0:01:01]} 1-0

[Event "26th Abu Dhabi Master 2019"]
[Site "Abu Dhabi"]
[Date "2019.08.02"]
[Round "1.14"]
[White "Krishnater Kushager"]
[Black "Karthikeyan, Murali"]
[Result "0-1"]
[WhiteElo "2324"]
[BlackElo "2613"]
[Annotator "TA"]
[PlyCount "76"]
[EventDate "2019.08.02"]
[EventType "swiss"]
[EventCountry "UAE"]
[SourceTitle "playchess.com"]
[Source "ChessBase"]
[SourceQuality "1"]

{[%evp 14,76,35,51,86,28,52,35,46,41,57,44,51,46,104,77,91,25,89,56,62,35,50,39,50,66,46,-87,-60,-71,-16,-10,0,0,0,0,0,0,0,0,0,0,0,-26,-29,-202,-196,-180,-171,-227,-226,-225,-212,-374,-383,-659,-632,-623,-601,-883,-899,-893,-887,-984,-847]} 1. e4 c5 2. Nf3 e6 3. d4 cxd4 4. Nxd4 a6 5. c4 Nf6 6. Nc3 Qc7 7. Be2 Nc6 8. O-O h5 {B41: Sicilian: Kan Variation: 5 c4} 9. Bg5 $146 (9. h3 $16) ({Predecessor:} 9. h3 Bc5 10. Be3 b6 11. Rc1 Bb7 12. Nc2 Ne5 13. b4 Bxe3 14. Nxe3 Nxe4 15. Nxe4 Bxe4 16. Qd4 {1-0 (27) Naiditsch,A (2687)-Miezis,N (2509) Tallinn 2016}) 9... Ng4 {[%csl Gg4][%cal Rc7h2]} 10. Nf3 f6 {White is slightly better.} 11. Bh4 Bd6 {[%cal Rd6h2]} 12. Bg3 Bxg3 13. hxg3 Nge5 ({Better is} 13... b6 $14) 14. Rc1 Nxf3+ 15. gxf3 (15. Bxf3 $16 Qe5 16. Nd5) 15... g5 (15... b6 $11) 16. Kg2 b6 17. Qd2 Bb7 18. Qe3 Ne5 19. Na4 Rb8 20. Qxb6 (20. b4 $14 {stays ahead.}) 20... Qxb6 $17 21. Nxb6 {[#]} g4 (21... f5 $1 $17 {[%cal Rf5e4]} 22. c5 fxe4 23. fxe4 Bxe4+ 24. Kh2 Bc6) 22. c5 $11 gxf3+ 23. Bxf3 h4 {White must now prevent ...h3+.} 24. Be2 Rg8 25. f3 Rxg3+ 26. Kf2 $1 Ke7 $36 {[%mdl 2048] Black fights for an advantage.} 27. Rh1 Rh8 28. Rcd1 Bc6 29. a4 $2 (29. Rhg1 $11 {and White stays safe.}) 29... f5 $19 30. exf5 {White wants to play Rxh4!} Bxf3 31. Bxf3 (31. f6+ $142 Ke8 32. f7+ Ke7 33. Bxf3 Rxf3+ {[%mdl 64] Double Attack} 34. Ke2 Rxf7 35. Rh3) 31... Rxf3+ {[%mdl 64] [#] Double Attack} 32. Ke2 Rxf5 33. Rhg1 $2 (33. Rh3) 33... h3 34. Nxd7 $2 (34. Rg7+ Kf6 35. Rg3) 34... h2 {Black is clearly winning.} 35. Rg7+ Nf7 36. c6 h1=Q 37. Rxh1 Rxh1 38. Rg8 Kd6 {Accuracy: White = 37%, Black = 52%.} 0-1

[Event "26th Abu Dhabi Master 2019"]
[Site "Abu Dhabi"]
[Date "2019.08.02"]
[Round "1.15"]
[White "Aravindh, Chithambaram VR."]
[Black "Zhang, Xiaowen"]
[Result "1-0"]
[WhiteElo "2600"]
[BlackElo "2318"]
[Annotator "TA"]
[PlyCount "185"]
[EventDate "2019.08.02"]
[EventType "swiss"]
[EventCountry "UAE"]
[SourceTitle "playchess.com"]
[Source "ChessBase"]
[SourceQuality "1"]

{[%evp 19,185,14,6,0,24,26,20,17,32,20,34,14,20,12,28,0,-4,0,0,0,-4,-10,10,0,0,0,0,0,0,0,0,0,0,0,0,0,0,0,0,0,0,0,0,-7,-4,-10,-10,-5,-4,-10,-7,-4,0,0,0,0,0,-7,0,0,0,0,0,0,0,0,8,8,6,3,3,0,10,1,3,0,6,7,8,8,10,6,6,6,8,8,12,12,12,12,12,12,12,12,14,8,17,12,12,12,12,8,13,12,16,16,16,12,12,12,12,12,14,12,12,12,12,12,12,12,13,13,12,8,8,4,4,4,24,24,24,24,24,24,24,8,19,0,24,24,28,8,8,0,26,8,47,47,77,77,161,156,166,137,29983,29984,29991,29992,29992,29993,29993,0,4935,0,29993,29988,29994,29995]} 1. Nf3 d5 2. d4 Nf6 3. c4 e6 4. g3 dxc4 5. Bg2 c5 6. O-O Nc6 7. Qa4 Bd7 8. Qxc4 b5 9. Qd3 c4 10. Qd1 Rc8 11. Ne5 {E04: Open Catalan: 5 Nf3} Nxe5 12. dxe5 Ng4 13. a4 {[#] Threatening axb5.The position is equal.} b4 $146 ({Predecessor:} 13... bxa4 14. Bf4 Qa5 15. Nc3 Nxe5 16. Nxa4 f6 17. Nc3 Qb6 18. Bxe5 fxe5 {1-0 (60) Dubov,D (2683)-Inarkiev,E (2689) St Petersburg 2017}) 14. Qd4 {[%mdl 64] Double Attack} f5 {aiming for ...Bc5.} 15. exf6 Nxf6 16. Nd2 Bc5 17. Qh4 c3 18. bxc3 bxc3 19. Nb3 Be7 20. Qd4 Qc7 21. Be3 a6 22. Rfc1 O-O 23. Qd3 a5 24. Nd4 Ng4 25. Nb5 Bxb5 26. axb5 {Threatens to win with b6.} Bc5 27. Qxc3 Bxe3 28. Qxc7 Bxf2+ 29. Kh1 Rxc7 30. Rxc7 Bb6 31. Bf3 (31. Rb7 {is interesting.} Nf2+ 32. Kg1 Nh3+ 33. Kh1 Nf2+) 31... Nf2+ 32. Kg2 Bxc7 33. Kxf2 $11 {[%mdl 4096] Endgame KRB-KRB} Rf5 34. Rb1 {With the idea b6.} Bb6+ 35. Ke1 a4 36. Ra1 Rxb5 37. Rxa4 Ra5 (37... Rb1+ {looks sharper.} 38. Kd2 Bg1 39. h3 Bf2 40. g4 g6) 38. Rc4 Rc5 (38... Ra1+ {with more complications.} 39. Kd2 Kf7 40. g4 Kf6 41. Rc6 Bg1) 39. Re4 Kf7 40. Kf1 Kf6 41. Kg2 h6 42. Bg4 e5 43. Rb4 Bc7 44. Bf3 Rc2 45. Ra4 Ke7 46. Ra6 Bd6 47. Ra7+ Rc7 48. Ra2 Rc4 49. Bd5 Rc5 50. Be4 Rc4 51. Kf3 Rc3+ 52. Bd3 Ra3 53. Rb2 Ra4 54. Rb7+ Kf6 55. Rd7 Be7 56. Rc7 Rd4 57. Ra7 Rd6 58. Ra8 Rd8 59. Ra1 Rd4 60. Be4 Ke6 61. Ra6+ Rd6 62. Ra7 Kf6 63. h4 h5 64. Bc2 Rc6 65. Bd3 Rd6 66. Bb1 Rc6 67. Rb7 Rc3+ 68. Bd3 Rc6 69. Ke4 Rd6 70. e3 Rc6 71. Bb5 Rc3 72. Rb6+ Kf7 73. Kf5 e4 74. Rb7 g5 75. hxg5 Rc5+ $1 76. Kf4 Kf8 77. Rb8+ Kf7 {White must now prevent ...Bd6+.} 78. Rb7 Kf8 79. g6 {Hoping for g7+.} Rg5 80. Rb8+ Kg7 81. Rb7 Kf8 82. Rb6 {White wants to play Be2.} Kg7 83. Be8 Rg4+ 84. Kf5 Rxg3 (84... Bc5 $16 {keeps fighting.} 85. Rb7+ Kf8) 85. Rb7 $1 $18 {[%cal Rb7e7]} ({Not} 85. Kxe4 Rxe3+ 86. Kxe3 Bc5+ 87. Kf4 Bxb6 $11) 85... Kf8 {[#]} 86. Bf7 $1 {And now Ke6 would win.} Rxe3 $2 {[%mdl 8192] [#]} (86... Bd8 $16) 87. Rb8+ $1 Kg7 88. Rg8+ Kh6 89. Rh8+ Kg7 90. Rg8+ (90. Rh7+ $142 Kf8 91. Ke6 Bf6 {[%mdl 64] Decoy} 92. Kxf6 Rf3+ 93. Ke6 Rxf7 94. gxf7 h4 95. Kf6 e3 96. Rh8#) 90... Kh6 91. Rh8+ (91. Ke6 $18 Kg5 92. Kxe7) 91... Kg7 92. Rh7+ Kf8 93. Ke6 {Accuracy: White = 69%, Black = 63%.} 1-0

[Event "26th Abu Dhabi Master 2019"]
[Site "Abu Dhabi"]
[Date "2019.08.02"]
[Round "1.16"]
[White "Pranav Vijay"]
[Black "Zubov, Alexander"]
[Result "0-1"]
[WhiteElo "2265"]
[BlackElo "2601"]
[Annotator "TA"]
[PlyCount "94"]
[EventDate "2019.08.02"]
[EventType "swiss"]
[EventCountry "UAE"]
[SourceTitle "playchess.com"]
[Source "ChessBase"]
[SourceQuality "1"]

{[%evp 13,167,6,13,12,22,12,21,14,26,25,29,20,27,18,8,0,0,0,10,-18,0,-7,-14,-8,0,-18,0,0,-7,-2,0,-10,0,-34,-33,-42,-31,-39,-43,-71,-56,-67,-76,-91,-67,-98,-39,-27,-25,-53,-50,-102,-99,-106,-103,-101,-73,-77,-78,-135,-138,-145,-129,-121,-83,-106,-93,-185,-165,-185,-173,-266,-264,-292,-289,-289,-275,-307,-282,-318,-292,-294,-297,-323,-323,-327,-325,-341,-359,-354,-335,-300,-281,-562,-552,-635,-586,-776,-790,-772,-748,-756,-760,-655,-362,-348,-361,-334,-368,-353,-343,-387,-323,-477,-474,-406,-357,-326,-316,-434,-439,-449,-412,-577,-558,-741,-724,-1389,-1370,-1617,-1461,-5269,-4310,-3392,-3033,-29988,-29989,-29989,-29989,-29991,-29992,-29992,-29993,-29993,-29994,-29995,-29995,-29996,-29997,-29997,-29997,-29997,-29998,-29998,-29999,-29999]} 1. e4 c5 2. Nf3 d6 3. Bb5+ Nd7 4. d4 cxd4 5. Qxd4 a6 6. Bxd7+ Bxd7 7. Nc3 e5 8. Qd3 {B51: Sicilian: Moscow Variation (3 Bb5+) without 3...Bd7} h6 (8... Rc8 9. O-O h6 10. Nd2 Be6 11. Rd1 Nf6 12. Nf1 Bc4 13. Qf3 Bxf1 14. Kxf1 Be7 15. Qd3 Rc6 {½-½ (30) Ni,H (2674)-Fedoseev,V (2702) China 2019}) 9. Nd2 Rc8 10. Nc4 {The position is equal.} Be6 11. Ne3 Nf6 12. O-O Be7 13. b3 O-O 14. Bb2 b5 15. a4 Qb6 {[#]} 16. Rfd1 $146 {[%cal Ra4b5]} ({Predecessor:} 16. axb5 axb5 {½-½ (30) Cabrera Pino,A (2534)-Damaso,R (2438) Ciudad Real 2004}) 16... b4 17. Ncd5 Nxd5 18. exd5 Bd7 19. Nc4 Qc5 20. Bc1 Bg5 21. c3 Bxc1 22. Raxc1 Rc7 23. Qd2 bxc3 24. Rxc3 Qb4 25. Re3 Qxd2 26. Nxd2 Rd8 27. f3 f6 28. Re4 Rc3 29. Nc4 Be8 (29... Rxb3 $17 {aiming for ...f5.} 30. Nxd6 Bxa4 $1 {[%mdl 512]}) 30. Re3 $15 Rc2 31. Na5 Kf8 32. Re4 {[#]} ({Better is} 32. Nc4 $15) 32... Rb8 $1 $17 33. Rc4 {[#]} Rxc4 $1 34. Nxc4 {[%mdl 4096] Endgame KRB-KRN} Ke7 35. Rd3 Rc8 36. Rc3 (36. Kf2 $142) 36... Rc5 37. Kf2 g6 38. Ke3 a5 39. Kd2 Rxd5+ 40. Kc2 (40. Rd3 $17 Rxd3+ 41. Kxd3) 40... Bf7 $19 41. Nb2 Kd7 42. Nd1 (42. Nc4 $142 Rc5 43. Kd3) 42... Rd4 43. Nf2 f5 44. Nd3 g5 45. Kc1 h5 46. Ne1 Rb4 47. Kb2 Rh4 {Played: Rb4-b6} 0-1

[Event "26th Abu Dhabi Master 2019"]
[Site "Abu Dhabi"]
[Date "2019.08.02"]
[Round "1.17"]
[White "Tabatabaei, M.amin"]
[Black "Mithil, Ajgaonkar"]
[Result "1-0"]
[WhiteElo "2601"]
[BlackElo "2314"]
[Annotator "TA"]
[PlyCount "75"]
[EventDate "2019.08.02"]
[EventType "swiss"]
[EventCountry "UAE"]
[SourceTitle "playchess.com"]
[Source "ChessBase"]
[SourceQuality "1"]

{[%evp 26,75,39,20,38,0,0,0,22,20,119,119,86,57,58,65,66,70,73,52,44,52,74,74,74,74,74,74,74,79,91,74,74,74,74,81,129,74,104,74,294,293,29974,29975,29981,29982,29982,29978,29983,29984,29987,29988]} 1. e4 c6 2. d4 d5 3. Nd2 {[%cal Bb1d2,Bd2e4,Be4g5][%mdl 32]} dxe4 4. Nxe4 Nd7 5. Ng5 Ngf6 6. Bd3 e6 7. Qe2 Bd6 8. N1f3 h6 9. Ne4 Nxe4 10. Qxe4 Nf6 11. Qe2 b6 12. Bd2 Bb7 13. O-O-O Qc7 14. Rhe1 O-O {B17: Caro-Kann: Modern Line (4...Nd7)} 15. g4 c5 {[#]} (15... Nxg4 16. Rg1 $16) 16. dxc5 $146 ({Predecessor:} 16. g5 hxg5 17. Nxg5 Bf4 18. h4 Rad8 19. dxc5 bxc5 20. Be3 Rd4 21. Rg1 Bxe3+ 22. fxe3 Rxh4 {½-½ (54) Kamsky,G (2735)-Karpov,A (2770) Elista 1996}) 16... Qxc5 {Threatens to win with ...Qd5.The position is equal.} 17. Kb1 e5 {[#]} (17... Qd5 $11 {keeps the balance.} 18. Nh4 Rfe8) 18. g5 $1 $16 {[%cal Rg5f6]} ({Don't play} 18. Nxe5 $6 Qxe5 19. Qxe5 Bxe5 $11) 18... hxg5 19. Bxg5 (19. Nxg5 {feels hotter.} Bd5 20. f3 Rfe8 21. Be3 Qc7 22. Rg1) 19... Bxf3 $1 20. Qxf3 e4 $1 {[%cal Re4f3]} 21. Bxe4 Nxe4 22. Qxe4 Qxg5 23. Rxd6 Rae8 24. Qxe8 Rxe8 25. Rxe8+ {[%mdl 4096] Endgame KQ-KRR} Kh7 {( -> ...Qg1+!)} 26. Rd1 Qf4 27. Re2 Qxh2 28. a4 Qg2 29. b3 Qf3 30. Rdd2 a5 {[#]} 31. Re3 (31. Re7 $142 $1) 31... Qh1+ 32. Kb2 {And now Rd7 would win.} f6 $2 (32... Qh6 $16 {is a better defense.}) 33. Rd7 $18 {aiming for Rg3.} Qh2 $2 (33... Kg6 $18 34. Rg3+ Kf5 35. Rdxg7 Qd5) 34. Rg3 {White mates.} Qxf2 35. Rdxg7+ Kh6 36. R3g6+ Kh5 37. Rg2 {[%cal Rg7h7]} Qd4+ 38. c3 {Accuracy: White = 70%, Black = 39%.} 1-0

[Event "26th Abu Dhabi Master 2019"]
[Site "Abu Dhabi"]
[Date "2019.08.02"]
[Round "1.18"]
[White "Srijit Paul"]
[Black "Antipov, Mikhail Al."]
[Result "1/2-1/2"]
[WhiteElo "2298"]
[BlackElo "2582"]
[Annotator "ChessBase"]
[PlyCount "174"]
[EventDate "2019.08.02"]
[EventType "swiss"]
[EventCountry "UAE"]
[SourceTitle "playchess.com"]
[Source "ChessBase"]
[SourceQuality "1"]
[TimeControl "5400+30"]

1. e4 c5 2. Nf3 Nc6 {[%emt 0:04:59]} 3. d4 {[%emt 0:00:00]} cxd4 {[%emt 0:00:04]} 4. Nxd4 {[%emt 0:00:08]} g6 {[%emt 0:00:06]} 5. c4 {[%emt 0:00:12]} Nf6 {[%emt 0:00:08]} 6. Nc3 {[%emt 0:00:05]} d6 {[%emt 0:00:07]} 7. f3 {[%emt 0:00:05]} Bg7 {[%emt 0:00:06]} 8. Be3 {[%emt 0:00:07]} O-O {[%emt 0:00:07]} 9. Be2 {[%emt 0:00:16]} Nh5 {[%emt 0:00:44]} 10. O-O {[%emt 0:08:19]} Nf4 {[%emt 0:00:20]} 11. Kh1 {[%emt 0:10:44]} Nxd4 {[%emt 0:13:52]} 12. Bxd4 {[%emt 0:00:07]} Be6 {[%emt 0:00:09]} 13. Bxg7 {[%emt 0:05:23]} Kxg7 {[%emt 0:00:02]} 14. Qd2 {[%emt 0:00:11]} Nxe2 {[%emt 0:01:37]} 15. Nxe2 {[%emt 0:01:30]} f6 {[%emt 0:01:16]} 16. b3 {[%emt 0:03:36]} a6 {[%emt 0:03:14]} 17. a4 {[%emt 0:13:31]} Rc8 {[%emt 0:01:01]} 18. Rfd1 {[%emt 0:01:17]} Bf7 {[%emt 0:01:29]} 19. Nc3 {[%emt 0:03:17]} Qa5 {[%emt 0:07:40]} 20. Qd3 {[%emt 0:03:35]} Rfe8 {[%emt 0:10:37]} 21. h3 {[%emt 0:10:29]} Qb4 {[%emt 0:02:34]} 22. Rab1 {[%emt 0:02:41]} Rc5 {[%emt 0:04:35]} 23. Re1 {[%emt 0:02:39]} Rc6 {[%emt 0:14:11]} 24. Re3 {[%emt 0:04:12]} Qc5 {[%emt 0:02:07]} 25. Ra1 {[%emt 0:01:24]} Rcc8 {[%emt 0:01:05]} 26. Re2 {[%emt 0:03:56]} Qe5 {[%emt 0:01:51]} 27. Ree1 {[%emt 0:01:19]} Rc5 {[%emt 0:02:12]} 28. Qd2 {[%emt 0:00:39]} g5 {[%emt 0:00:17]} 29. Rac1 {[%emt 0:01:35]} h5 {[%emt 0:02:49]} 30. Nd5 {[%emt 0:00:32]} e6 {[%emt 0:01:49]} 31. Nb6 {[%emt 0:00:53]} Qg3 {[%emt 0:01:45]} 32. Red1 {[%emt 0:03:00]} Rc6 {[%emt 0:08:08]} 33. a5 {[%emt 0:00:08]} g4 {[%emt 0:00:04]} 34. fxg4 {[%emt 0:00:46]} hxg4 {[%emt 0:00:01]} 35. Rc3 {[%emt 0:00:33]} Qe5 {[%emt 0:02:42]} 36. Nd7 {[%emt 0:00:44]} Qg5 {[%emt 0:00:45]} 37. Qxg5+ {[%emt 0:04:29]} fxg5 {[%emt 0:00:06]} 38. hxg4 {[%emt 0:00:12]} e5 {[%emt 0:09:25]} 39. Rf3 {[%emt 0:07:20]} Bg6 {[%emt 0:02:32]} 40. Nf6 {[%emt 0:00:14]} Rh8+ {[%emt 0:00:00]} 41. Kg1 {[%emt 0:00:08]} b6 {[%emt 0:00:00]} 42. axb6 {[%emt 0:01:04]} Rxb6 {[%emt 0:01:24]} 43. c5 {[%emt 0:00:09]} Rc6 {[%emt 0:00:14]} 44. Rxd6 {[%emt 0:00:32]} Rxd6 {[%emt 0:00:28]} 45. cxd6 {[%emt 0:00:01]} Rd8 {[%emt 0:00:08]} 46. d7 {[%emt 0:01:26]} a5 {[%emt 0:00:18]} 47. Kf2 {[%emt 0:02:36]} Bf7 {[%emt 0:00:05]} 48. Nh5+ {[%emt 0:03:44]} Kf8 {[%emt 0:00:01]} 49. Rf5 {[%emt 0:00:52]} Rxd7 {[%emt 0:00:17]} 50. Rxe5 {[%emt 0:00:01]} Re7 {[%emt 0:02:02]} 51. Rxa5 {[%emt 0:00:27]} Rxe4 {[%emt 0:00:12]} 52. Rxg5 {[%emt 0:00:04]} Bxb3 {[%emt 0:00:12]} 53. Rf5+ {[%emt 0:00:43]} Ke7 {[%emt 0:00:20]} 54. Kg3 {[%emt 0:01:39]} Be6 {[%emt 0:00:26]} 55. Rf4 {[%emt 0:00:46]} Re2 {[%emt 0:00:18]} 56. Rb4 {[%emt 0:00:24]} Bf7 {[%emt 0:00:58]} 57. Nf4 {[%emt 0:00:16]} Rd2 {[%emt 0:00:24]} 58. Kh4 {[%emt 0:00:37]} Kf8 {[%emt 0:00:29]} 59. Kg5 {[%emt 0:00:06]} Ra2 {[%emt 0:00:53]} 60. Rb7 {[%emt 0:01:19]} Kg8 {[%emt 0:00:28]} 61. g3 {[%emt 0:00:14]} Ra1 {[%emt 0:01:00]} 62. Rb6 {[%emt 0:00:08]} Kg7 {[%emt 0:00:35]} 63. Nh5+ {[%emt 0:00:36]} Kh7 {[%emt 0:00:29]} 64. Rb7 {[%emt 0:00:07]} Kg8 {[%emt 0:00:17]} 65. Nf6+ {[%emt 0:00:10]} Kf8 {[%emt 0:00:05]} 66. Nd7+ {[%emt 0:00:54]} Kg8 {[%emt 0:00:13]} 67. Ne5 {[%emt 0:00:16]} Ra5 {[%emt 0:01:09]} 68. Kf4 {[%emt 0:00:33]} Be6 {[%emt 0:00:18]} 69. Re7 {[%emt 0:00:10]} Bb3 {[%emt 0:00:49]} 70. g5 {[%emt 0:00:44]} Ra4+ {[%emt 0:00:09]} 71. Ke3 {[%emt 0:00:46]} Bc2 {[%emt 0:00:41]} 72. Kd2 {[%emt 0:01:26]} Bf5 {[%emt 0:00:52]} 73. Rf7 {[%emt 0:00:46]} Bb1 {[%emt 0:00:55]} 74. Rf1 {[%emt 0:00:13]} Ra5 {[%emt 0:01:08]} 75. Re1 {[%emt 0:00:48]} Rd5+ {[%emt 0:00:06]} 76. Kc3 {[%emt 0:00:08]} Bf5 {[%emt 0:00:04]} 77. Re3 {[%emt 0:00:27]} Kg7 {[%emt 0:00:12]} 78. Kb4 {[%emt 0:00:13]} Rd4+ {[%emt 0:00:18]} 79. Kc5 {[%emt 0:00:19]} Rd1 {[%emt 0:00:10]} 80. Kc6 {[%emt 0:00:49]} Rd4 {[%emt 0:00:36]} 81. Kc7 {[%emt 0:00:23]} Rd1 {[%emt 0:00:32]} 82. Rf3 {[%emt 0:00:08]} Bh3 {[%emt 0:01:47]} 83. Rf7+ {[%emt 0:01:44]} Kg8 {[%emt 0:00:01]} 84. g6 {[%emt 0:00:43]} Be6 {[%emt 0:00:08]} 85. Re7 {[%emt 0:00:21]} Bf5 {[%emt 0:00:21]} 86. g4 {[%emt 0:00:37]} Bxg6 {[%emt 0:00:16]} 87. Nxg6 Rd7+ {[%emt 0:00:08]} 1/2-1/2

[Event "26th Abu Dhabi Master 2019"]
[Site "Abu Dhabi"]
[Date "2019.08.02"]
[Round "1.19"]
[White "Bai, Jinshi"]
[Black "Gajwa Ankit"]
[Result "1-0"]
[WhiteElo "2606"]
[BlackElo "2302"]
[Annotator "TA"]
[PlyCount "45"]
[EventDate "2019.08.02"]
[EventType "swiss"]
[EventCountry "UAE"]
[SourceTitle "playchess.com"]
[Source "ChessBase"]
[SourceQuality "1"]

{[%evp 16,45,34,31,77,85,92,75,80,85,72,81,90,90,79,93,90,64,84,82,84,54,97,97,99,89,103,92,276,283,281,272]} 1. Nf3 Nf6 2. g3 g6 3. b3 Bg7 4. Bb2 c5 5. c4 O-O 6. Bg2 Nc6 7. O-O d6 8. d4 cxd4 9. Nxd4 d5 {E60: King's Indian: Unusual lines and Fianchetto Variation without Nc3} (9... Bd7 10. Nc3 Qa5 11. e3 Rfc8 12. Nde2 Qh5 13. Nf4 Qxd1 14. Rfxd1 Rab8 15. h3 h5 16. Rab1 Be8 17. Nfd5 Nxd5 18. Nxd5 Bxb2 19. Rxb2 Kf8 {½-½ (19) Turov,M (2585)-Guseinov,G (2664) Tallinn 2019}) 10. cxd5 Nxd5 11. Nxc6 $1 bxc6 {White is better.} 12. Bxg7 Kxg7 13. Qc2 Be6 $146 ({Predecessor:} 13... Bb7 14. Nd2 Rc8 15. Ne4 {1-0 (25) Fernandez Garcia,M (2341)-Navarro Nicolas,V (2156) Madrid 2015}) 14. Nc3 {[%cal Bb1c3,Bc3a4,Ba4c5,Bc5e4][%mdl 32]} Qa5 15. Na4 Rad8 16. Rfd1 Rd6 17. Nc5 Qc3 18. Qc1 Bg4 19. Ne4 Qxc1 20. Rdxc1 Re6 21. e3 $1 {Hoping for h3.} Rd8 $2 {[#]} (21... Nf6 $16) 22. h3 $1 $18 {[%cal Rh3g4]} Be2 {[#]} 23. Re1 $1 {Accuracy: White = 89%, Black = 49%.} 1-0